| 000 | 00601cas a22002175a 4500 | ||
|---|---|---|---|
| 001 | ##L134194 | ||
| 008 | 070704d1956 xxcqr p 0 a0eng u | ||
| 022 | 1 | _a0383-6647 | |
| 035 | _a(Sirsi) u134194 | ||
| 041 | 0 | _aeng | |
| 110 | 2 |
_aAppraisal Institute of Canada _9829 |
|
| 245 | 0 | 0 | _aAppraisal Institute Magazine |
| 260 |
_aWinnipeg _bAIC _c1956-1983 |
||
| 362 | _a10(1) Spring 1966-27(4) Winter 1983 | ||
| 554 | _aFour per year | ||
| 651 | 4 | _aCanada | |
| 690 | _aPROPERTY-PROPERTY APPRAISAL AND VALUATION | ||
| 785 | 0 | 0 |
_tCanadian Appraiser _x0827-2697 |
| 942 | _n0 | ||
| 948 | _c09/03/1994 | ||
| 999 |
_c118866 _d118866 |
||